[Event "Mittelfrankenliga 05/06 (B2b)"]
[Site "Mfr.2005/06-R3"]
[Date "2005.12.04"]
[Round "3.2"]
[White "Stephan, Eberhard"]
[Black "Lutz, Thomas"]
[Result "1-0"]
[WhiteElo "1980"]
[BlackElo "1975"]
[Annotator "Gunzenhausen/Wbg.2-Bechhofen1"]
[PlyCount "91"]
[EventDate "2005.12.04"]
[SourceDate "2005.10.17"]

1. d4 Nf6 2. c4 e6 3. Nc3 Bb4 4. f3 c5 5. d5 exd5 6. cxd5 d6 7. Bd2 O-O 8. e4
a6 9. a4 Re8 10. Nge2 Nbd7 11. Ng3 h5 12. Be2 h4 13. Nf5 Ne5 14. Ne3 Rb8 15.
O-O Ng6 16. g3 hxg3 17. hxg3 Nh5 18. Qe1 Bxc3 19. bxc3 Bh3 20. Ng2 Nf6 21. a5
Qe7 22. Rf2 Bxg2 23. Rxg2 Qd7 24. Rb1 Qc7 25. c4 b6 26. axb6 Rxb6 27. Rxb6 Qxb6
28. Ba5 Qb3 29. Bc7 Ne5 30. Qf1 a5 31. Bxd6 Ned7 32. Rh2 Qe3+ 33. Qf2 Qc1+ 34.
Kg2 a4 35. g4 g5 36. Bxc5 Nxc5 37. Qxc5 Qb2 38. Qe3 Qe5 39. Rh1 Ra8 40. Qa3 Kg7
41. Qa1 Qf4 42. c5 Qe3 43. Bb5 Qxc5 44. Bc6 Qc2+ 45. Kg3 Rb8 46. Qe5 1-0

[Event "Mittelfrankenliga 05/06 (B2b)"]
[Site "Mfr.2005/06-R3"]
[Date "2005.12.04"]
[Round "3.3"]
[White "Boese, Klaus"]
[Black "Kiersch, Helmut"]
[Result "1-0"]
[WhiteElo "2020"]
[BlackElo "1898"]
[Annotator "Gunzenhausen/Wbg.2-Bechhofen1"]
[PlyCount "57"]
[EventDate "2005.12.04"]
[SourceDate "2005.10.17"]

1. d4 d5 2. Bf4 Bf5 3. e3 c6 4. c3 e6 5. Bd3 Bxd3 6. Qxd3 Bd6 7. Bg3 Nf6 8. Nd2
Qe7 9. Ngf3 Bxg3 10. hxg3 Nbd7 11. e4 dxe4 12. Nxe4 Nxe4 13. Qxe4 Nf6 14. Qc2
O-O-O 15. O-O-O h6 16. Rhe1 Qc7 17. Ne5 Rhf8 18. Qe2 c5 19. dxc5 Qxc5 20. Rxd8+
Kxd8 21. Rd1+ Ke7 22. f4 Rc8 23. Kb1 g6 24. Qf3 Rc7 25. g4 h5 26. gxh5 Nxh5 27.
Qg4 Qe3 28. Qg5+ Nf6 29. Qxf6+ 1-0

[Event "Mittelfrankenliga 05/06 (B2b)"]
[Site "Mfr.2005/06-R3"]
[Date "2005.12.04"]
[Round "3.4"]
[White "Enderlein, Hermann"]
[Black "Wind, Patrick"]
[Result "1/2-1/2"]
[WhiteElo "1937"]
[BlackElo "1872"]
[Annotator "Gunzenhausen/Wbg.2-Bechhofen1"]
[PlyCount "86"]
[EventDate "2005.12.04"]
[SourceDate "2005.10.17"]

1. Nf3 c5 2. c4 Nc6 3. Nc3 g6 4. g3 Bg7 5. Bg2 e5 6. O-O Nge7 7. d3 O-O 8. Bg5
h6 9. Bd2 d6 10. Rb1 Rb8 11. a3 a6 12. b4 cxb4 13. axb4 b5 14. cxb5 axb5 15.
Qc1 Kh7 16. Ne1 Nd4 17. Nc2 Nxc2 18. Qxc2 Bb7 19. Qb3 Bxg2 20. Kxg2 f5 21. Nd5
Nxd5 22. Qxd5 Qb6 23. Rfc1 Qb7 24. Qxb7 Rxb7 25. Rc6 Rd8 26. Rbc1 Rdd7 27. Ra1
Ra7 28. Rxa7 Rxa7 29. Rxd6 Ra2 30. Be3 Rxe2 31. Rb6 Rb2 32. Rxb5 Rb3 33. Rb7
Rxd3 34. b5 g5 35. Bc5 Kg6 36. b6 e4 37. Rc7 Rb3 38. b7 Be5 39. Rc6+ Kh7 40.
Bb6 f4 41. Bc7 Bxc7 42. Rxc7+ Kg6 43. gxf4 gxf4 1/2-1/2

[Event "Mittelfrankenliga 05/06 (B2b)"]
[Site "Mfr.2005/06-R3"]
[Date "2005.12.04"]
[Round "3.5"]
[White "Lutz, Rainer"]
[Black "Fising, Robert"]
[Result "1-0"]
[WhiteElo "1834"]
[BlackElo "1629"]
[Annotator "Gunzenhausen/Wbg.2-Bechhofen1"]
[PlyCount "71"]
[EventDate "2005.12.04"]
[SourceDate "2005.10.17"]

1. Nf3 Nf6 2. b3 b6 3. Bb2 Bb7 4. e3 e6 5. d4 Be7 6. Nbd2 d6 7. c4 Nbd7 8. Rc1
c5 9. Bd3 cxd4 10. exd4 O-O 11. O-O Ne8 12. Re1 Nc7 13. Bb1 f5 14. Qe2 Qe8 15.
Nf1 Qh5 16. Rc3 Bf6 17. Ng3 Qf7 18. Ba3 Bxf3 19. Rxf3 Ne8 20. Qxe6 Bxd4 21.
Qxf7+ Rxf7 22. Rxf5 Be5 23. Be4 Rd8 24. Bd5 Ndf6 25. Bxf7+ Kxf7 26. Rd1 Bxg3
27. fxg3 Kg6 28. Rf3 Ne4 29. Re3 Nc5 30. Re7 a5 31. Bb2 h5 32. h4 Nd7 33. Rd5
Ndf6 34. Rg5+ Kh7 35. Bxf6 Nxf6 36. Rexg7+ 1-0

[Event "Mittelfrankenliga 05/06 (B2b)"]
[Site "Mfr.2005/06-R3"]
[Date "2005.12.11"]
[Round "3.6"]
[White "Reichert, Romuald"]
[Black "Kurz, Christian"]
[Result "1-0"]
[WhiteElo "1747"]
[BlackElo "1737"]
[Annotator "Gunzenhausen/Wbg.2-Bechhofen1"]
[PlyCount "77"]
[EventDate "2005.12.04"]
[SourceDate "2005.10.17"]

1. d4 Nf6 2. Nc3 e6 3. e4 d5 4. Bg5 Be7 5. Bxf6 Bxf6 6. e5 Bg5 7. Qg4 a6 8. Nf3
Bh6 9. Bd3 c5 10. dxc5 Nd7 11. Qa4 Qc7 12. Nb5 Qxc5 13. Nd6+ Ke7 14. O-O Rd8
15. Qh4+ f6 16. Nxc8+ Raxc8 17. Rfe1 Re8 18. Rad1 Kd8 19. Bxh7 Rh8 20. Bg6 Nf8
21. Bd3 g5 22. Qa4 f5 23. h3 Nd7 24. Nd4 Ke7 25. c3 f4 26. Nxe6 Kxe6 27. Bf5+
Kxf5 28. Qxd7+ Kg6 29. Rxd5 Rhd8 30. Qe6+ Kh5 31. Rxc5 Rxc5 32. g4+ fxg3 33.
fxg3 Rc6 34. Qf7+ Rg6 35. g4+ Kh4 36. Qxg6 Rd2 37. Re3 Rd1+ 38. Kf2 Rd2+ 39.
Ke1 1-0

[Event "Mittelfrankenliga 05/06 (B2b)"]
[Site "Mfr.2005/06-R3"]
[Date "2005.12.04"]
[Round "3.7"]
[White "Sandner, Andreas"]
[Black "Jaeger, Peter[63]"]
[Result "1/2-1/2"]
[WhiteElo "1596"]
[BlackElo "1799"]
[Annotator "Gunzenhausen/Wbg.2-Bechhofen1"]
[PlyCount "126"]
[EventDate "2005.12.04"]
[SourceDate "2005.10.17"]

1. d4 d5 2. Nf3 g6 3. e3 Bg7 4. Bd3 Nf6 5. Nbd2 O-O 6. O-O Re8 7. c3 Nbd7 8. e4
e5 9. dxe5 Nxe5 10. Nxe5 Rxe5 11. f4 Re8 12. e5 Ng4 13. Nf3 c6 14. Qc2 Qb6+ 15.
Kh1 c5 16. h3 Nh6 17. Bd2 c4 18. Be2 Nf5 19. Kh2 f6 20. Rae1 fxe5 21. fxe5 Ne3
22. Bxe3 Qxe3 23. g3 Qh6 24. h4 Bg4 25. Qd1 Rad8 26. Qd4 Qh5 27. Bd1 Rf8 28.
Kg2 h6 29. Qe3 g5 30. Rh1 Bxf3+ 31. Bxf3 g4 32. Bd1 Rde8 33. e6 Rf5 34. Qxa7
Re5 35. Qxb7 R8xe6 36. Rxe5 Rxe5 37. Qc8+ Re8 38. Qxg4 Qe5 39. Rf1 Qe3 40. Qf3
Qe6 41. Bc2 Rf8 42. Bf5 Qe5 43. Qg4 Rf6 44. Qf4 Qxf4 45. Rxf4 Kf7 46. Bg4 Rxf4
47. gxf4 Ke7 48. Kf3 Kd6 49. Ke3 Bf6 50. h5 Bh4 51. a4 Bd8 52. Bf3 Ke6 53. Bg4+
Kd6 54. Bd1 Ba5 55. Kd2 d4 56. Kc2 dxc3 57. bxc3 Kd5 58. Bf3+ Ke6 59. Be2 Kd5
60. f5 Bd8 61. Kb2 Kc5 62. Ka3 Bf6 63. Kb2 Bd8 1/2-1/2

[Event "Mittelfrankenliga 05/06 (B2b)"]
[Site "Mfr.2005/06-R3"]
[Date "2005.12.04"]
[Round "3.8"]
[White "Gajewski, Richard"]
[Black "Rauh, Klaus,Dr."]
[Result "0-1"]
[WhiteElo "1589"]
[BlackElo "1726"]
[Annotator "Gunzenhausen/Wbg.2-Bechhofen1"]
[PlyCount "66"]
[EventDate "2005.12.04"]
[SourceDate "2005.10.17"]

1. e4 e5 2. f4 d6 3. Bc4 Nf6 4. Nc3 Nc6 5. Nge2 Bg4 6. h3 Bxe2 7. Nxe2 Nxe4 8.
O-O d5 9. Bb5 Bc5+ 10. Kh2 exf4 11. d3 Nf6 12. Nxf4 O-O 13. Bxc6 bxc6 14. Kh1
Qd7 15. Qf3 Rfe8 16. Bd2 Rab8 17. b3 Re5 18. Rae1 Rbe8 19. Ne2 Be3 20. d4 Re4
21. Bc3 Qe6 22. Ng3 Rh4 23. Rxe3 Qxe3 24. Qxe3 Rxe3 25. Nf5 Rxc3 26. Nxh4 Rxc2
27. Ra1 g6 28. Nf3 Ne4 29. b4 Rc4 30. a3 Ng3+ 31. Kg1 Ne2+ 32. Kf2 Nxd4 33. Ke3
Nc2+ 0-1

[Event "Mittelfrankenliga 05/06 (B2b)"]
[Site "Mfr.2005/06-R3"]
[Date "2005.12.04"]
[Round "3.1"]
[White "Diehl, Achim"]
[Black "Konrad, Edmund"]
[Result "0-1"]
[WhiteElo "1956"]
[BlackElo "2214"]
[Annotator "Postbauer2-SW Nbg.3"]
[PlyCount "60"]
[EventDate "2005.12.04"]
[SourceDate "2005.10.17"]

1. e4 e6 2. d4 d5 3. e5 c5 4. c3 Nc6 5. a3 Qb6 6. Nf3 a5 7. b3 Bd7 8. Be2 cxd4
9. cxd4 Nge7 10. O-O Nf5 11. Bb2 h5 12. Kh1 Be7 13. Nc3 g5 14. Na4 Qa7 15. Nc5
g4 16. Ne1 Nfxd4 17. Nxb7 Nxe2 18. Nd6+ Bxd6 19. exd6 Ned4 20. Rc1 Rg8 21. Nd3
Nf5 22. Nf4 d4 23. Nxh5 O-O-O 24. Nf6 Rg6 25. Ne4 Kb8 26. b4 Rh8 27. b5 Ne5 28.
Rc5 Rgh6 29. h3 Nf3 30. a4 Rxh3+ 0-1

[Event "Mittelfrankenliga 05/06 (B2b)"]
[Site "Mfr.2005/06-R3"]
[Date "2005.12.04"]
[Round "3.2"]
[White "Kendzia, Nikolai"]
[Black "Werner, Thomas[65]"]
[Result "1/2-1/2"]
[WhiteElo "1902"]
[BlackElo "1871"]
[Annotator "Postbauer2-SW Nbg.3"]
[PlyCount "69"]
[EventDate "2005.12.04"]
[SourceDate "2005.10.17"]

1. d4 d5 2. Nf3 Nf6 3. c4 c6 4. Nc3 e6 5. Bg5 Nbd7 6. e3 Qa5 7. Nd2 Bb4 8. Qc2
O-O 9. cxd5 Nxd5 10. Nxd5 exd5 11. Bd3 h6 12. Bf4 Re8 13. Rd1 Qxa2 14. O-O Qa5
15. Nf3 Nf8 16. h3 Be6 17. Be5 Be7 18. Bg3 Rec8 19. Qe2 Qd8 20. Ne5 Bd6 21. f4
Bxe5 22. dxe5 f5 23. exf6 Qxf6 24. f5 Bf7 25. Qg4 h5 26. Qb4 c5 27. Qxb7 Nh7
28. Bb1 Qb6 29. Qxb6 axb6 30. e4 d4 31. e5 Bd5 32. f6 gxf6 33. exf6 Rf8 34. Bc7
Nxf6 35. Bxb6 1/2-1/2

[Event "Mittelfrankenliga 05/06 (B2b)"]
[Site "Mfr.2005/06-R3"]
[Date "2005.12.04"]
[Round "3.3"]
[White "Fuchs, Johann,Dr."]
[Black "Mitterhuemer, Guenter"]
[Result "0-1"]
[WhiteElo "1960"]
[BlackElo "2093"]
[Annotator "Postbauer2-SW Nbg.3"]
[PlyCount "70"]
[EventDate "2005.12.04"]
[SourceDate "2005.10.17"]

1. d4 d5 2. Nf3 c6 3. c3 e6 4. Bf4 Be7 5. e3 Nd7 6. Nbd2 Ngf6 7. Ne5 Nf8 8. Bd3
Ng6 9. Bg3 Nxe5 10. Bxe5 O-O 11. O-O Nd7 12. f4 f5 13. Nf3 b6 14. a4 a5 15. Qe2
Bb7 16. Kh1 Qc8 17. Rac1 Qe8 18. Rg1 Qh5 19. g4 fxg4 20. Rxg4 Qxg4 21. Rg1 Nxe5
22. Rxg4 Nxg4 23. Ng5 Nf2+ 24. Qxf2 Bxg5 25. Qg3 Bh6 26. f5 exf5 27. Qc7 Ba6
28. Bxa6 Rxa6 29. Qxc6 Raa8 30. Qxd5+ Kh8 31. Qd6 Bxe3 32. Qxb6 f4 33. Kg2 f3+
34. Kf1 f2 35. Qd6 Rae8 0-1

[Event "Mittelfrankenliga 05/06 (B2b)"]
[Site "Mfr.2005/06-R3"]
[Date "2005.12.04"]
[Round "3.4"]
[White "Naegelein, Andreas"]
[Black "Billmann, Andreas"]
[Result "0-1"]
[WhiteElo "1820"]
[BlackElo "1872"]
[Annotator "Postbauer2-SW Nbg.3"]
[PlyCount "83"]
[EventDate "2005.12.04"]
[SourceDate "2005.10.17"]

1. d4 f5 2. c4 Nf6 3. Nc3 e6 4. Nf3 c6 5. Bg5 Be7 6. c5 O-O 7. e3 b5 8. b4 a5
9. a3 Na6 10. Qb3 axb4 11. axb4 Nxc5 12. Qb2 Rxa1+ 13. Qxa1 Na6 14. Be2 Nxb4
15. O-O h6 16. Bh4 g5 17. Bg3 Nh5 18. Ne5 Ng7 19. Ng6 Rf6 20. Nxe7+ Qxe7 21.
Qa3 Rf7 22. Be5 Na6 23. Bd6 Qd8 24. Rc1 Bb7 25. Rb1 Ne8 26. Bg3 f4 27. exf4
gxf4 28. Bh5 Rf8 29. Bxe8 fxg3 30. Bh5 gxf2+ 31. Kf1 Qh4 32. Bf3 Qxh2 33. Kxf2
c5 34. d5 Nb4 35. Rxb4 cxb4 36. Qxb4 Qe5 37. Qg4+ Kh8 38. Qg6 Qd4+ 39. Kf1 Qxc3
40. Qxh6+ Kg8 41. Ke2 Qe5+ 42. Qe3 0-1

[Event "Mittelfrankenliga 05/06 (B2b)"]
[Site "Mfr.2005/06-R3"]
[Date "2005.12.04"]
[Round "3.5"]
[White "Hintyes, Helmuth"]
[Black "Firla, Erwin"]
[Result "1/2-1/2"]
[WhiteElo "1806"]
[BlackElo "1944"]
[Annotator "Postbauer2-SW Nbg.3"]
[PlyCount "55"]
[EventDate "2005.12.04"]
[SourceDate "2005.10.17"]

1. c4 e5 2. e3 Nf6 3. Nc3 Be7 4. Nf3 d6 5. d4 exd4 6. exd4 O-O 7. Bd3 Bg4 8. h3
Bh5 9. Be3 c5 10. d5 Nfd7 11. g4 Bg6 12. Bxg6 fxg6 13. Qe2 Bf6 14. Ne4 Ne5 15.
Nxe5 Bxe5 16. O-O-O Bf4 17. Bxf4 Rxf4 18. Rd3 Qf8 19. Rf1 h6 20. Re3 Nd7 21. b3
Re8 22. Nc3 Ne5 23. Nb5 Qf6 24. Nc7 Nd3+ 25. Qxd3 Qa1+ 26. Kc2 Qxa2+ 27. Kc3
Rd4 28. Nb5 1/2-1/2

[Event "Mittelfrankenliga 05/06 (B2b)"]
[Site "Mfr.2005/06-R3"]
[Date "2005.12.04"]
[Round "3.6"]
[White "Mueller, Rudolf[31]"]
[Black "Roth, Hans"]
[Result "1/2-1/2"]
[WhiteElo "1889"]
[BlackElo "1753"]
[Annotator "Postbauer2-SW Nbg.3"]
[PlyCount "92"]
[EventDate "2005.12.04"]
[SourceDate "2005.10.17"]

1. d4 Nf6 2. Nd2 d5 3. Ngf3 e6 4. e3 c5 5. c3 Nc6 6. Bd3 Bd6 7. O-O Qc7 8. e4
cxd4 9. cxd4 dxe4 10. Nxe4 Be7 11. Bd2 Bd7 12. Rc1 Qb8 13. Re1 Nd5 14. Bc4 Nb6
15. Bb3 h6 16. Ng3 Qd6 17. Bc3 Nd5 18. Ne4 Qf4 19. Bd2 Qb8 20. g3 O-O 21. Nc5
Bxc5 22. dxc5 Nce7 23. Ne5 Bc6 24. Qh5 Nf6 25. Qh3 Be4 26. Bf4 Bf5 27. Qh4 Qc8
28. Bxh6 Ned5 29. Qg5 Ne8 30. Ng4 Bxg4 31. Qxg4 Ndf6 32. Qg5 Nh7 33. Qh4 gxh6
34. Qxh6 Qd8 35. Bc2 Nef6 36. Re5 Qd4 37. Bxh7+ Nxh7 38. Rce1 Qg4 39. h3 Qg7
40. Qh4 Rae8 41. Rh5 f6 42. f4 e5 43. f5 Ng5 44. Re3 e4 45. Qf4 Qd7 46. Qg4 Qd4
1/2-1/2

[Event "Mittelfrankenliga 05/06 (B2b)"]
[Site "Mfr.2005/06-R3"]
[Date "2005.12.04"]
[Round "3.7"]
[White "Mueller, Werner[66]"]
[Black "Stuermer, Martin"]
[Result "0-1"]
[WhiteElo "1794"]
[BlackElo "1864"]
[Annotator "Postbauer2-SW Nbg.3"]
[PlyCount "97"]
[EventDate "2005.12.04"]
[SourceDate "2005.10.17"]

1. f4 d5 2. Nf3 c5 3. e3 Nc6 4. Be2 Nf6 5. O-O e6 6. b3 Be7 7. Bb2 O-O 8. d3 b6
9. Ne5 Bb7 10. Nxc6 Bxc6 11. Bf3 Qc7 12. Nd2 Nd7 13. Qe2 Bf6 14. Bxf6 Nxf6 15.
g4 Nd7 16. Qg2 Rac8 17. c4 Qd6 18. Rad1 f5 19. g5 d4 20. Bxc6 Rxc6 21. e4 fxe4
22. Nxe4 Qc7 23. Qg4 Rf5 24. Rde1 Rf7 25. h4 g6 26. Re2 Rf5 27. Ng3 Rf7 28.
Rxe6 Rxe6 29. Qxe6 Nf8 30. Qd5 Kg7 31. Qe5+ Qxe5 32. fxe5 Re7 33. Re1 Re6 34.
Kg2 Nd7 35. Ne4 Rxe5 36. Re2 h6 37. Kf3 hxg5 38. hxg5 Rf5+ 39. Kg4 Ne5+ 40. Kg3
Nxd3 41. Kg4 Ne5+ 42. Kg3 Nf7 43. Kg4 Re5 44. Kf4 Kf8 45. Rh2 Ke7 46. Rh7 Rf5+
47. Kg4 Ke6 48. Rg7 Ke5 49. Rxg6 0-1

[Event "Mittelfrankenliga 05/06 (B2b)"]
[Site "Mfr.2005/06-R3"]
[Date "2005.12.04"]
[Round "3.8"]
[White "Ceglar, Michael"]
[Black "Bala, Claudiu"]
[Result "1-0"]
[WhiteElo "1853"]
[BlackElo "1649"]
[Annotator "Postbauer2-SW Nbg.3"]
[PlyCount "23"]
[EventDate "2005.12.04"]
[SourceDate "2005.10.17"]

1. e4 e5 2. f4 exf4 3. Nf3 d6 4. d4 g5 5. Bc4 g4 6. O-O gxf3 7. Qxf3 Qh4 8.
Bxf4 Bg7 9. Bxf7+ Kd8 10. e5 Nh6 11. Bd5 c6 12. Qe3 1-0

[Event "Mittelfrankenliga 05/06 (B2b)"]
[Site "Mfr.2005/06-R3"]
[Date "2005.12.04"]
[Round "3.1"]
[White "Witt, Alfred"]
[Black "Wittmann, Helmut"]
[Result "0-1"]
[WhiteElo "1930"]
[BlackElo "2111"]
[Annotator "BSGW Erlangen1-Ansbach1"]
[PlyCount "48"]
[EventDate "2005.12.04"]
[SourceDate "2005.10.17"]

1. e4 g6 2. d4 Bg7 3. c3 d6 4. f4 Nf6 5. e5 dxe5 6. fxe5 Nd5 7. Nf3 c5 8. Bc4
O-O 9. dxc5 Be6 10. Qb3 Nc6 11. Na3 Na5 12. Qa4 Qc7 13. Bxd5 Bxd5 14. Nb5 Qxc5
15. b4 Qc4 16. Qxa5 a6 17. Nc7 Bxf3 18. gxf3 Qxc3+ 19. Ke2 Qxa1 20. Nxa8 Rxa8
21. f4 Rc8 22. Qa3 Rc2+ 23. Kd3 Qb1 24. Be3 Rc1+ 0-1

[Event "Mittelfrankenliga 05/06 (B2b)"]
[Site "Mfr.2005/06-R3"]
[Date "2005.12.04"]
[Round "3.2"]
[White "Lange, Carsten[65]"]
[Black "Reizine, Viatcheslav"]
[Result "0-1"]
[WhiteElo "1957"]
[BlackElo "1944"]
[Annotator "BSGW Erlangen1-Ansbach1"]
[PlyCount "118"]
[EventDate "2005.12.04"]
[SourceDate "2005.10.17"]

1. Nf3 d5 2. c4 c6 3. g3 Nf6 4. Bg2 Nbd7 5. cxd5 cxd5 6. d4 e6 7. O-O Be7 8.
Nc3 O-O 9. Bf4 Nh5 10. Bd2 b6 11. e4 dxe4 12. Nxe4 Ba6 13. Re1 Nhf6 14. Neg5
Nd5 15. Qc2 N7f6 16. Ne5 g6 17. Rac1 Bb7 18. Nc6 Qd6 19. Qa4 a6 20. Nf3 b5 21.
Nxe7+ Qxe7 22. Qa5 Rfc8 23. Ne5 Qd6 24. Bg5 Nd7 25. Nd3 N7b6 26. Nc5 Bc6 27.
Qd2 Nc4 28. Qe2 Re8 29. b3 Ncb6 30. Ne4 Qc7 31. Nf6+ Kg7 32. Nxe8+ Rxe8 33.
Qe5+ Qxe5 34. dxe5 Bb7 35. Bd2 b4 36. Rc2 a5 37. Bf1 h6 38. Bb5 Rd8 39. Rec1 g5
40. Kf1 Ra8 41. f4 Kg6 42. Bd3+ f5 43. exf6+ Kxf6 44. fxg5+ hxg5 45. h4 gxh4
46. gxh4 Ke5 47. Bh6 Rg8 48. Re2+ Kd6 49. Rce1 Bc8 50. Rf2 Rg3 51. Bf8+ Kc6 52.
Rc1+ Nc3 53. Be4+ Nbd5 54. Rf3 Ba6+ 55. Kf2 Rg4 56. Bxd5+ Kxd5 57. Rh1 Kd4 58.
Rhh3 e5 59. Bh6 Ne4+ 0-1

[Event "Mittelfrankenliga 05/06 (B2b)"]
[Site "Mfr.2005/06-R3"]
[Date "2005.12.04"]
[Round "3.3"]
[White "Kiefer, Johannes"]
[Black "Bous, Florian"]
[Result "0-1"]
[WhiteElo "1753"]
[BlackElo "1943"]
[Annotator "BSGW Erlangen1-Ansbach1"]
[PlyCount "64"]
[EventDate "2005.12.04"]
[SourceDate "2005.10.17"]

1. e4 e5 2. d4 exd4 3. Qxd4 Nc6 4. Qa4 Nf6 5. Bb5 Bc5 6. h3 Qe7 7. Nc3 O-O 8.
Bg5 Nd4 9. O-O-O c6 10. Bd3 b5 11. Bxf6 gxf6 12. Bxb5 cxb5 13. Nxb5 Nxb5 14.
Qxb5 d6 15. f3 a5 16. Ne2 Ba6 17. Qa4 Bxe2 18. Rde1 Ba6 19. f4 Rfb8 20. c3 Qb7
21. Qc2 Qb5 22. e5 Qc4 23. b3 Qxf4+ 24. Kb2 fxe5 25. Re4 Qf2 26. Rg4+ Kf8 27.
Qxf2 Bxf2 28. h4 Bd3 29. h5 Ke7 30. h6 Rg8 31. Rxg8 Rxg8 32. Rh3 e4 0-1

[Event "Mittelfrankenliga 05/06 (B2b)"]
[Site "Mfr.2005/06-R3"]
[Date "2005.12.04"]
[Round "3.4"]
[White "Schulz, Wilfried[48]"]
[Black "Kiefer, Herbert"]
[Result "1-0"]
[WhiteElo "1918"]
[BlackElo "1749"]
[Annotator "BSGW Erlangen1-Ansbach1"]
[PlyCount "91"]
[EventDate "2005.12.04"]
[SourceDate "2005.10.17"]

1. e4 c5 2. Nc3 e6 3. g3 d5 4. Bg2 d4 5. Nce2 Nf6 6. d3 h6 7. Nf3 Nc6 8. O-O e5
9. a3 Be6 10. b3 Rc8 11. Bd2 Qd7 12. Nxe5 Nxe5 13. f4 Qc7 14. fxe5 Qxe5 15. Nf4
g5 16. Nh5 Nxh5 17. Qxh5 Bg7 18. Bh3 Bxh3 19. Rxf7 Kd8 20. Qxh3 Rc7 21. Rf5 Qe7
22. Raf1 Rf8 23. Rd5+ Rd7 24. Rff5 Rxf5 25. Qxf5 b6 26. b4 Rxd5 27. Qxd5+ Ke8
28. b5 Kf8 29. Kg2 Be5 30. h4 Kg7 31. Qc6 Bf6 32. h5 Kf7 33. Qd5+ Qe6 34. Qf5
Qxf5 35. exf5 Be5 36. Kf3 Ke7 37. g4 Kd6 38. Ke4 Bg3 39. a4 Be5 40. Be1 Bf4 41.
c3 Be5 42. cxd4 Bxd4 43. Bg3+ Kd7 44. Be5 Bxe5 45. Kxe5 Ke7 46. Kd5 1-0

[Event "Mittelfrankenliga 05/06 (B2b)"]
[Site "Mfr.2005/06-R3"]
[Date "2005.12.04"]
[Round "3.5"]
[White "Nahlik, Bernhard"]
[Black "Reinders, Rudolf"]
[Result "1-0"]
[WhiteElo "1846"]
[BlackElo "1902"]
[Annotator "BSGW Erlangen1-Ansbach1"]
[PlyCount "102"]
[EventDate "2005.12.04"]
[SourceDate "2005.10.17"]

1. e4 e5 2. Nf3 Nc6 3. Bb5 a6 4. Ba4 Nf6 5. O-O Nxe4 6. Re1 b5 7. Bb3 d5 8. d3
Nf6 9. Nxe5 Nxe5 10. Rxe5+ Be7 11. Nc3 c6 12. d4 O-O 13. Bg5 Be6 14. Qd2 Ng4
15. Bxe7 Qxe7 16. Re2 Qd6 17. g3 Nf6 18. Rae1 a5 19. a3 Qd7 20. f3 Qc7 21. Nd1
a4 22. Ba2 Rae8 23. Nf2 Bf5 24. Nd3 Rxe2 25. Qxe2 Bxd3 26. Qxd3 Qd7 27. Bb1 Re8
28. Re5 g6 29. Qe2 Rxe5 30. dxe5 Qe6 31. Kf2 Nd7 32. f4 Nc5 33. c3 Qd7 34. Qe3
Qe7 35. h3 Nd7 36. g4 Qh4+ 37. Kg2 Qe7 38. Kf3 Qh4 39. Kg2 Qe7 40. Kg3 Nc5 41.
Kf3 Nd7 42. Kg3 Nc5 43. Qd4 Nb3 44. Qe3 Nc5 45. Kg2 Nd7 46. Qa7 Kf8 47. Qa8+
Qe8 48. Qxc6 Nb8 49. Qxd5 Qc6 50. Qxc6 Nxc6 51. Bd3 Na7 1-0

[Event "Mittelfrankenliga 05/06 (B2b)"]
[Site "Mfr.2005/06-R3"]
[Date "2005.12.04"]
[Round "3.6"]
[White "Schiller, Angel"]
[Black "Sommer, Dieter"]
[Result "1-0"]
[WhiteElo "1780"]
[BlackElo "1719"]
[Annotator "BSGW Erlangen1-Ansbach1"]
[PlyCount "101"]
[EventDate "2005.12.04"]
[SourceDate "2005.10.17"]

1. e4 e6 2. d4 d5 3. Nc3 dxe4 4. Nxe4 Nd7 5. Bg5 Ngf6 6. Nxf6+ Nxf6 7. Qd3 Be7
8. O-O-O Qd5 9. Qb5+ Bd7 10. Qxd5 exd5 11. Be3 Ng4 12. h3 Nxe3 13. fxe3 Bg5 14.
Re1 Bh4 15. Rd1 Bf2 16. Kd2 O-O-O 17. Ke2 Bg3 18. Kf3 Bd6 19. Bd3 f5 20. Ne2 g5
21. g3 h5 22. h4 g4+ 23. Kf2 Rde8 24. Rhe1 Re7 25. Nf4 Bxf4 26. exf4 Rhe8 27.
Re5 Rxe5 28. fxe5 Kd8 29. Ke3 Ke7 30. Kf4 Rg8 31. c4 Be6 32. b3 dxc4 33. Bxc4
Bxc4 34. bxc4 Rf8 35. Rb1 b6 36. d5 c6 37. Rd1 cxd5 38. cxd5 Rc8 39. Rd3 Rc2
40. Kxf5 Rxa2 41. d6+ Kd8 42. Rc3 b5 43. Ke6 Ra6 44. Rc7 b4 45. Rb7 Rb6 46.
Rxa7 Rb8 47. Rh7 Kc8 48. Rh8+ Kb7 49. Rxb8+ Kxb8 50. d7 Kc7 51. Ke7 1-0

[Event "Mittelfrankenliga 05/06 (B2b)"]
[Site "Mfr.2005/06-R3"]
[Date "2005.12.04"]
[Round "3.8"]
[White "Reincke, Peter Uwe"]
[Black "Nitsche, Erwin"]
[Result "1-0"]
[WhiteElo "1759"]
[BlackElo "1684"]
[Annotator "BSGW Erlangen1-Ansbach1"]
[PlyCount "153"]
[EventDate "2005.12.04"]
[SourceDate "2005.10.17"]

1. c4 e6 2. e3 d5 3. Nf3 Nf6 4. Nc3 g6 5. d4 Bg7 6. b4 O-O 7. a4 b6 8. Be2 Bb7
9. Ba3 Re8 10. O-O Nbd7 11. Rc1 a6 12. b5 Bf8 13. Bxf8 Rxf8 14. Nd2 c5 15. Bf3
a5 16. Qb3 dxc4 17. Qxc4 Bxf3 18. Nxf3 Rc8 19. Qa2 Qe7 20. Rfd1 Rfd8 21. h3 Kg7
22. Qa1 Kg8 23. Qa2 Rc7 24. dxc5 Rxc5 25. Nd4 Nb8 26. Nce2 Nd5 27. Rxc5 Qxc5
28. Rc1 Qe7 29. Qc4 Qd6 30. Nc6 Nxc6 31. bxc6 Rc8 32. Nd4 Nb4 33. c7 Nd5 34.
Nb5 Qd7 35. e4 Nf4 36. Qc2 e5 37. Rd1 Qe7 38. Qc6 Qg5 39. Kf1 Qxg2+ 40. Ke1
Qg1+ 41. Kd2 Qg5 42. Kc2 Ne6 43. Qd7 Rxc7+ 44. Nxc7 Nd4+ 45. Rxd4 exd4 46. Qxd4
Qe7 47. Nd5 Qa3 48. Nc3 Qe7 49. Qxb6 Qg5 50. Kd3 Qh4 51. Qb8+ Kg7 52. Qg3 Qd8+
53. Ke2 Qb6 54. Qe5+ Kg8 55. Qb5 Qc7 56. Nd5 Qc2+ 57. Kf3 Qd1+ 58. Kg2 Qd4 59.
Kg3 h5 60. f3 Kg7 61. Qxa5 Qg1+ 62. Kf4 Qh2+ 63. Ke3 Qg1+ 64. Kd3 Qf1+ 65. Kc2
Qf2+ 66. Kb3 Qf1 67. Qc3+ Kh6 68. h4 Qb1+ 69. Ka3 Qb8 70. Qf6 Qc8 71. Kb4 Qb8+
72. Kc5 Qc8+ 73. Kb5 Qb8+ 74. Nb6 Qe8+ 75. Ka6 Kh7 76. a5 Kg8 77. Kb7 1-0

[Event "Mittelfrankenliga 05/06 (B2a)"]
[Site "Mfr.2005/06-R3"]
[Date "2005.12.04"]
[Round "3.1"]
[White "Nickmann, Peter"]
[Black "Roesel, Gert"]
[Result "1/2-1/2"]
[WhiteElo "1924"]
[BlackElo "1889"]
[Annotator "Altensittenbach2-SF Fürth2"]
[PlyCount "69"]
[EventDate "2005.12.04"]
[SourceDate "2005.10.17"]

1. e4 c5 2. Nf3 d6 3. d4 cxd4 4. Nxd4 Nf6 5. Nc3 g6 6. Be2 Bg7 7. Be3 O-O 8.
Qd2 Nc6 9. Rd1 Ng4 10. Bxg4 Bxg4 11. Nxc6 bxc6 12. f3 Be6 13. Bh6 Qb6 14. Bxg7
Kxg7 15. Qd4+ Qxd4 16. Rxd4 Rfb8 17. b3 a5 18. Ke2 Rb4 19. Rhd1 c5 20. R4d2 c4
21. Rd4 cxb3 22. axb3 Rc8 23. Kd3 Rb7 24. Nd5 Bxd5 25. Rxd5 Rbc7 26. Rc1 Rc3+
27. Kd2 a4 28. Rb5 axb3 29. Rxb3 R3c7 30. Kd3 h6 31. c4 Kf6 32. Rb5 Ra8 33. Rc2
Ra3+ 34. Kd2 Ra4 35. Kd3 1/2-1/2

[Event "Mittelfrankenliga 05/06 (B2a)"]
[Site "Mfr.2005/06-R3"]
[Date "2005.12.04"]
[Round "3.2"]
[White "Endres, Christian"]
[Black "Koerber, Thomas"]
[Result "1/2-1/2"]
[WhiteElo "1736"]
[BlackElo "1920"]
[Annotator "Altensittenbach2-SF Fürth2"]
[PlyCount "37"]
[EventDate "2005.12.04"]
[SourceDate "2005.10.17"]

1. Nf3 c5 2. c4 Nf6 3. g3 Nc6 4. Bg2 g6 5. d4 cxd4 6. Nxd4 Bg7 7. Nc3 O-O 8.
Nc2 a6 9. O-O Rb8 10. Bf4 d6 11. c5 Nh5 12. Be3 dxc5 13. Bxc5 Be6 14. Nb4 Nxb4
15. Bxb4 Re8 16. Qa4 Nf6 17. Rfd1 Qb6 18. Ba5 Qc5 19. Rac1 1/2-1/2